Statistiques concernant Tubes français des années 80 - ANTONYMES

Cliquez ici pour prendre le quiz!

Statistiques générales

  • Ce quiz a été pris 801 fois
    (798 depuis la dernière actualisation)
  • Le résultat moyen est 20 sur 34

Statistiques - réponses

AntonymeTitre original% Correct
En vert et blancEn rouge et noir
94%
Je cours en groupeJe marche seul
90%
Adam assieds toiEve lève toi
89%
Quatre jours par moisTrois nuits par semaine
89%
Les anges de midiLes démons de minuit
88%
Je hais la mortJ'aime la vie
87%
Je le déteste à vivreJe l'aime à mourir
84%
Haïssons nous mortsAimons nous vivants
83%
Ca fait pleurer les poissonsCa fait rire les oiseaux
81%
Jour de sagesseNuit de folie
81%
Maman danseusePapa chanteur
78%
T'as soif de moiJ'ai faim de toi
75%
Rue des petites femmesPlace des grands hommes
73%
La lune prendLe soleil donne
68%
Un homme coincéUne femme libérée
67%
Empêchez moi de rester statique (Sunday, Saturday)Laissez moi danser (Monday, Tuesday)
62%
Giffle moi malinEmbrasse moi idiot
59%
Poumon d'agneauCoeur de loup
57%
Adversaire banalPartenaire particulier
51%
Jack le pilote de ligneJoe le taxi
48%
EventuellementEvidemment
46%
Moi ta caveToi mon toit
46%
Ne revenez pas avec moiNe partez pas sans moi
43%
Bas les pattes (Prends mon rein)Haut les mains (Donne-moi ton coeur)
42%
Début de semaine à StockholmWeek-end à Rome
41%
Fini l'hiverVoilà l'été
36%
PuritainLibertine
34%
Eddy, EddyJohnny Johnny
32%
F.O.L.K.D.I.S.C.O.
30%
(4,5,6) Pat Hibulaire, Picsou et toi...(1,2,3) Mickey, Donald et Moi…
25%
Les divorcés de ProvenceLes mariés de Vendée
24%
Calme platOuragan
18%
Tu peux revenirJe dois m'en aller
17%
Cheville piercingEpaule tattoo
15%

Distribution des résultats

Percentile par nombre de réponses

% des personnes avec chaque résultat

Votre développement - résultats

Vous n’avez pas pris ce quiz depuis la dernière actualisation